• 首页
  • 本馆介绍
  • 公告通知
  • 最新文献
  • 馆藏检索
  • 电子资源
  • 读者导购
  • 参考咨询
  • 我的图书馆
  • 登录
  • 详细信息显示
  • 放入我的书架
  • 预约/预借图书
  • 作者相关作品
  • 分类相关作品
  • 丛书相关作品
  • 出版社相关作品

书目信息

  • 表格格式
  • 工作单格式
  • 卡片格式
题名:
智能时代财务管理转型研究
    
 
作者: 刘赛 , 刘小海 海著
分册:  
出版信息: 长春   吉林人民出版社  2020.7
页数: 260页
开本: 17cm
丛书名:
单 册:
中图分类: F275-39
科图分类:
主题词: 人工智能--ren gong zhi neng--应用--财务管理--研究
电子资源:
ISBN: 978-7-206-17382-0
000 01195nam0 2200241 450
001 2151095300
005 20211018173724.0
010    @a978-7-206-17382-0@dCNY48.00
100    @a20200731d2020 em y0chiy0110 ea
101 0  @achi
102    @aCN@b220000
105    @ay z 000yy
106    @ar
200 1  @a智能时代财务管理转型研究@Azhi neng shi dai cai wu guan li zhuai xing yan jiu@f刘赛,刘小海著
210    @a长春@c吉林人民出版社@d2020.7
215    @a260页@d17cm
330    @a本书以当今财会人工智能化为时代背景,对人工智能时代财务管理的转型进行了深入探讨。首先概述了财务智能化的大背景,对人工智能的定义和发展、智能时代财务转型的必要性和可行性、智能时代的财务管理新逻辑和财务新商业经济的转变进行了阐释。其次对智能时代财务信息化进行了整体规划,并且分别针对智能时代下的财会人员、财务教育、财务组织和模式这三个方面进行了详细分析。最后总结了智能时代的财务创新与实践。本书对财会人工智能带来的挑战及相应对策进行探究,对智能时代的财务转型研究发挥了积极作用。
606 0  @a人工智能@Aren gong zhi neng@x应用@x财务管理@x研究
690    @aF275-39@v5
701  0 @a刘赛@Aliu sai@4海著
701  0 @a刘小海@Aliu xiao hai@4著
801  0 @aCN@b百万庄@c20211016
905    @b1309568-571@dF275-39@e1835@f4
    
    智能时代财务管理转型研究/刘赛,刘小海著.-长春:吉林人民出版社,2020.7
    260页;17cm
    
    
    ISBN 978-7-206-17382-0:CNY48.00
    本书以当今财会人工智能化为时代背景,对人工智能时代财务管理的转型进行了深入探讨。首先概述了财务智能化的大背景,对人工智能的定义和发展、智能时代财务转型的必要性和可行性、智能时代的财务管理新逻辑和财务新商业经济的转变进行了阐释。其次对智能时代财务信息化进行了整体规划,并且分别针对智能时代下的财会人员、财务教育、财务组织和模式这三个方面进行了详细分析。最后总结了智能时代的财务创新与实践。本书对财会人工智能带来的挑战及相应对策进行探究,对智能时代的财务转型研究发挥了积极作用。
●
相关链接 在E读中查询图书 在五车中查询图书 在当当中查询图书 在豆瓣中查询图书


正题名:智能时代财务管理转型研究     索取号:F275-39/1835         预约/预借

序号 登录号 条形码 馆藏地/架位号 状态 备注
1 1309568   213095684   第一样本阅览室/ [索取号:F275-39/1835] 在馆    
2 1309569   213095693   第一借阅区/ [索取号:F275-39/1835] 在馆    
3 1309570   213095700   第一借阅区/ [索取号:F275-39/1835] 在馆    
4 1309571   213095719   第一借阅区/ [索取号:F275-39/1835] 在馆    
唐山师范学院图书馆 欢迎您!
大连网信软件有限公司© 版权所有